| 000 | 00857nam a2200193 a 4500 | ||
|---|---|---|---|
| 001 | 000013443 | ||
| 005 | 20200929163230.0 | ||
| 008 | 091124s1950 dr 001 s spa d | ||
| 040 |
_aDO-SdBNP _bspa _cBNPHU |
||
| 082 |
_a347.012 _bH565d |
||
| 100 | 1 |
_aHerrera Billini, Hipólito, _d1903-1965 _930707 |
|
| 245 | 1 | 0 |
_aDiscurso pronunciado por el presidente de la Suprema Corte de Justicia, el día 9 de enero 1950, día del Poder Judicial, al reanudarse las labores judiciales / _cHipolito Herrera Billini. |
| 260 |
_aCiudad Trujillo, República Dominicana : _bImpr. Arte y Cine, _c1950. |
||
| 300 |
_a16 p. ; _c22 cm. |
||
| 650 | 4 |
_aPoder judicial _zRepública Dominicana _vENSAYOS, CONFERENCIAS, ETC. _930708 |
|
| 650 | 4 |
_aDerecho civil _zRepública Dominicana _vENSAYOS, CONFERENCIAS, ETC. _91154 |
|
| 910 | _aValidado. Control de calidad EMS | ||
| 049 | _aBNPD | ||
| 999 |
_c13069 _d13069 |
||